Kemarahan Rizal

Bibliographic Details
Main Author: Oly Suraidah
Format: Book
Published: Wilayah Persekutuan : Star Trading , 2008
Series:Siri Nilai Murni

MARC

LEADER 00000cam a2200000 7i4500
001 0000046691
005 20150819.0
008 150405
020 |a 9789833949205 
020 |a 9789833949236(set) 
090 0 0 |a MOR   |b MAL 
100 0 |a Oly Suraidah 
245 1 0 |a Kemarahan Rizal   |c Oly Suraidah 
260 |a Wilayah Persekutuan :   |b Star Trading ,   |c 2008 
490 0 |a Siri Nilai Murni 
999 |a 0001062441   |b Book   |c Children Collection   |e Cawangan Taman Sri Lambak 
999 |a 0001062442   |b Book   |c Children Collection   |e Cawangan Taman Sri Lambak 
999 |a 0001062443   |b Book   |c Children Collection   |e Cawangan Taman Sri Lambak 
999 |a 0001088264   |b Book   |c Children Collection   |e Cawangan Pontian 
999 |a 0001088280   |b Book   |c Children Collection   |e Cawangan Bandar Penawar 
999 |a 0001088298   |b Book   |c Children Collection   |e Cawangan Segamat 
999 |a 0001088304   |b Book   |c Children Collection   |e Cawangan Taman Sri Lambak 
999 |a 0001088312   |b Book   |c Children Collection   |e Cawangan Bukit Gambir 
999 |a 0001088328   |b Book   |c Children Collection   |e Cawangan Taman Universiti 
999 |a 0001088336   |b Book   |c Children Collection   |e Cawangan Kota Tinggi 
999 |a 0001088360   |b Book   |c Children Collection   |e Cawangan Mersing 
999 |a 0001088384   |b Book   |c Children Collection   |e Cawangan Bandar Penawar 
999 |a 0001088392   |b Book   |c Children Collection   |e Cawangan Pontian 
999 |a 0001088408   |b Book   |c Children Collection   |e Cawangan Pontian 
999 |a 0001088415   |b Book   |c Children Collection   |e Cawangan Taman Universiti 
999 |a 0001088439   |b Book   |c Children Collection   |e Cawangan Tangkak 
999 |a 0001088447   |b Book   |c Children Collection   |e Cawangan Bukit Gambir 
999 |a 0001088463   |b Book   |c Children Collection   |e Cawangan Segamat 
999 |a 0001088479   |b Book   |c Children Collection   |e Cawangan Segamat 
999 |a 0001088495   |b Book   |c Children Collection   |e Cawangan Bukit Gambir 
999 |a 0001088503   |b Book   |c Children Collection   |e Cawangan Taman Sri Lambak 
999 |a 0001088519   |b Book   |c Children Collection   |e Cawangan Tangkak 
999 |a 0001088543   |b Book   |c Children Collection   |e Cawangan Kota Tinggi 
999 |a 0001088551   |b Book   |c Children Collection   |e Cawangan Taman Universiti 
999 |a 0001088599   |b Book   |c Children Collection   |e Cawangan Bandar Penawar 
999 |a 0001088607   |b Book   |c Children Collection   |e Cawangan Segamat 
999 |a 0001088623   |b Book   |c Children Collection   |e Cawangan Bukit Gambir 
999 |a 0001088631   |b Book   |c Children Collection   |e Cawangan Taman Sri Lambak 
999 |a 0001088639   |b Book   |c Children Collection   |e Cawangan Kota Tinggi 
999 |a 0001088647   |b Book   |c Children Collection   |e Cawangan Taman Universiti 
999 |a 0001088663   |b Book   |c Children Collection   |e Cawangan Bandar Tenggara 
999 |a 0001088671   |b Book   |c Adult Collection   |e Cawangan Mersing